Szczegóły MARC21

ISO 9001 w przedsiębiorstwie turystycznym

005 -DATA I CZAS OSTATNIEJ MODYFIKACJI [,]
    • @
    • pole kontrolne
    • 20061129133650.0
020 -Międzynarod. znormalizowany nr książki - ISBN [ , ]
    • a
    • Numer ISBN
    • 8388690698 Find
040 -Instytucja sporządzająca opis [ , ]
    • a
    • Instytucja, która sporządziła opis (NP)
    • SZCZ U/ET
    • c
    • Instytucja, która sporządziła rekord (NP)
    • SZCZ U/ET
    • d
    • Instytucja, która zmodyfikowała rekord (P)
    • SZCZ U / RJ
041 -Język dokumentu [0, ]
    • a
    • Język tekstu (P)
    • polski
044 -Kraj miejsca wydania [ , ]
    • a
    • Kraj miejsca wydania
    • Polska
942 -Rodzaj dokumentu [ , ]
    • c
    • Rodzaj dokumentu
    • Książka
100 -Hasło główne - nazwa osobowa [1, ]
    • a
    • Nazwa osobowa (NP)
    • KACHNIEWSKA, MAGDALENA
245 -Strefa tytułu i oznaczenia odpowiedzialności [1,0]
    • a
    • Tytuł
    • ISO 9001 w przedsiębiorstwie turystycznym Find
    • c
    • Pozostałe elementy strefy tytułu i oznaczenia odpowiedzialności (NP)
    • Magdalena Kachniewska
260 -Strefa adresu wydawniczego [ , ]
    • a
    • Miejsce wydania (P)
    • Warszawa
    • b
    • Nazwa wydawcy (P)
    • Wyższa Szkoła Handlu i Prawa im. Ryszarda Łazarskiego
    • c
    • Data wydania (P)
    • 2004
300 -Strefa opisu fizycznego [ , ]
    • a
    • Określenie formy książki i/lub objętość (NP)
    • 262 s.
    • b
    • Oznaczenie ilustracji (NP)
    • rys., wykr.
    • c
    • Format (NP)
    • 24 cm.
500 -Uwaga ogólna [ , ]
    • a
    • Uwaga ogólna (NP)
    • Bibliogr.
080 -Uniwersalna Klasyfikacja Dziesiętna [ , ]
    • 2
    • Identyfikator wydania tablic
    • UDC-P022
    • a
    • Symbol klasyfikacji
    • 338.48
    • b
    • Dopowiedzenie
    • Gospodarcze aspekty transportu. Ekonomika transportu.
    • x
    • Poddział wspólny
    • "1989/..."
080 -Uniwersalna Klasyfikacja Dziesiętna [ , ]
    • 2
    • Identyfikator wydania tablic
    • UDC-P022
    • a
    • Symbol klasyfikacji
    • 658.1/.5
    • b
    • Dopowiedzenie
    • Organizacja przedsiębiorstwa.
    • x
    • Poddział wspólny
    • "1989/..."
080 -Uniwersalna Klasyfikacja Dziesiętna [ , ]
    • 2
    • Identyfikator wydania tablic
    • UDC-P022
    • a
    • Symbol klasyfikacji
    • 006.3/.8
    • b
    • Dopowiedzenie
    • Normy.
    • x
    • Poddział wspólny
    • "1989/..."
980 -Symbol UKD [ , ]
    • a
    • UKD
    • 338.48:658.1/.5:006.3/.8]"1989/..."
920 -ISBN [ , ]
    • a
    • ISBN
    • 83-88690-69-8 Find
Status udost. Numer inwentarzowy Data inwentaryzacji Lokalizacja
-2T.91942006-11-08T
-2TM.44192006-12-21T